Central Library OPAC University of Rajshahi

সংসদ বাংলা অভিধান / (Record no. 15443)

MARC details
000 -LEADER
fixed length control field 01812nam a22002777a 4500
001 - CONTROL NUMBER
control field 15443
003 - CONTROL NUMBER IDENTIFIER
rucl marc code BD-RjUL
005 - DATE AND TIME OF LATEST TRANSACTION
control field 20211208235822.0
008 - FIXED-LENGTH DATA ELEMENTS--GENERAL INFORMATION
fixed length control field 140210r20132000ii ||||| |||| 00| 0 ben d
020 ## - INTERNATIONAL STANDARD BOOK NUMBER
International Standard Book Number 978818680692X
Terms of availability : IRs. 260.00
035 ## - SYSTEM CONTROL NUMBER
System control number (BD-RjUL)15497
040 ## - CATALOGING SOURCE
Original cataloging agency BD-RjUL
Language of cataloging ben
Transcribing agency BD-RjUL
Modifying agency BD-RjUL
041 ## - LANGUAGE CODE
Language code of text/sound track or separate title ben
082 ## - DEWEY DECIMAL CLASSIFICATION NUMBER
Classification number 491.443
Author mark and year SAM 2013
245 ## - TITLE STATEMENT
Title সংসদ বাংলা অভিধান /
Statement of responsibility, etc. শৈলেন্দ্র বিশ্বাস কর্তৃক সংকলিত; শশিভূষণ দাশগুপ্ত কর্তৃক দ্বিতীয় সংস্করণ পর্যন্ত সংশোধিত ; দীনেশচন্দ্র ভট্রাচার্য কর্তৃক তৃতীয় ও চতুর্থ সংস্করণ সংশোধিত এবং সুভাস ভট্রাচার্য কর্তৃক পঞ্চম সংস্করণ সংশোধিত ও পরিবর্ধিত
250 ## - EDITION STATEMENT
Edition statement ৫ম সং. , নতুন সং.
260 ## - PUBLICATION, DISTRIBUTION, ETC. (IMPRINT)
Place of publication, distribution, etc. কলকাতা :
Name of publisher, distributor, etc. শিশু সাহিত্য সংসদ প্রা লি.
Date of publication, distribution, etc. ২০০০ [মুদ্রণ ২০১৩]
300 ## - PHYSICAL DESCRIPTION
Pagination [২৪], ৯৪৭ পৃ: ;
Size ২২ সেমি.
650 ## - SUBJECT ADDED ENTRY--TOPICAL TERM
Topical term or geographic name as entry element বাংলা ভাষা
9 (RLIN) 47967
Form subdivision অভিধান
Topical term or geographic name as entry element Bengali Language
Form subdivision Dictionaries
9 (RLIN) 173986
700 ## - ADDED ENTRY--PERSONAL NAME
Personal name বিশ্বাস, শৈলেন্দ্র, সংকলক
Personal name দাশগুপ্ত, শশিভূষণ , সংশো.
Personal name ভট্রাচার্য, দীনেশচন্দ্র, সংশো.
Personal name ভট্রাচার্য, সুভাস, সংশো.
942 ## - ADDED ENTRY ELEMENTS (KOHA)
Source of classification or shelving scheme Dewey Decimal Classification
Koha item type Reference
Holdings
Lost status Source of classification or shelving scheme Damaged status Not for loan Collection code Permanent Location Current Location Shelving location Date acquired Source of acquisition Cost, normal purchase price Total Checkouts Full call number Date last seen Copy number Koha item type
  Dewey Decimal Classification   Not For Loan Reference Central Library, University of Rajshahi Central Library, University of Rajshahi   03/02/2014 Dhaka, Prothama prokashan 520.00   BR 491.443 SAM 2013 10/02/2014 C-1 Reference